000 00990cab a2200313 4500
001 ABS53008
008 090401t1995 xxu||||| |||| 00| 0 eng d
035 _a(Sirsi) u1310
041 _aeng
245 _aBuilding services
260 _c1995
300 _aLOAN
350 _a0
490 _aBuilding
_vSupplement 260(7897) 23 June 1995
520 _aIncludes articles on the use of plastic sewerage pipes, sick building syndrome, air conditioning and ventilation and electrical power surges.
650 _aBUILT ENVIRONMENT-BUILDING ELEMENTS-COMPLETE BUILDING SERVICES ELEMENTS-COMPLETE HEATING, VENTILATION AND AIR CONDITIONING SYSTEMS
650 _aAIR QUALITY
650 _aBlock management
_96220
650 _aCIBSE
650 _aDRAINS
650 _aELECTRICITY SUPPLY
650 _aSEWERS
650 _aSICK BUILDING SYNDROME
650 _aTHERMAL INSULATION
650 _aVENTILATION
690 _aBlock management
_96220
942 _n0
948 _c04/03/1997
999 _c716
_d716